o-Deklination (2. Deklination): Substantive auf -er. 2. ager - Statistiken

Allgemein
  • Dieses Quiz wurde 15 mal gespielt
  • Das Durchschnittsergebnis liegt bei 9 aus 12
Antwortstatistiken
Hint Antwort % Korrekt
Nom. Sg. ager
100%
Gen. Sg. agrī
83%
Vok. Sg. (ager)
75%
Nom. Pl. agrī
75%
Vok. Pl. (agrī)
75%
Dat. Pl. agrīs
75%
Abl. Pl. agrīs
75%
Dat. Sg. agrō
75%
Abl. Sg. agrō
75%
Gen. Pl. agrōrum
75%
Akk. Pl. agrōs
75%
Akk. Sg. agrum
75%
Keine übereinstimmenden Quizze gefunden
Verteilung der Resultate
Anzahl Personen mit jedem Resultat
Perzentil nach korrekt beantworteten Fragen
Ihre Resultats-Entwicklung
Sie haben dieses Quiz noch nicht gespielt